النفط الأحمر / (Record no. 14183)
[ view plain ]
| 000 -الفاتح | |
|---|---|
| حقل البيانات ثابتة الطول | 00829nam a22001817a 4500 |
| 008 - عناصر البيانات ثابتة الطول - معلومات عامة | |
| حقل البيانات ثابتة الطول | 100623s1997 ae|||||r|||| 000 0 ara d |
| 020 ## - الرقم الدولى المعيارى للكتب | |
| الرقم الدولى المعيارى للكتاب | 9961720105 |
| 082 ## - رقم تصنيف ديوى العشرى | |
| رقم الطبعة | 22 |
| رقم التصنيف | 338.272820965 |
| رقم المادة | م ا ل |
| 100 ## - المدخل الرئيسى - إسم شخصى | |
| 9 (RLIN) | 15112 |
| الإسم الشخصى | مالطي، حسن |
| 245 ## - بيان العنوان | |
| العنوان | النفط الأحمر / |
| بيان المسئوليه,etc | حسين مالطي؛ ترجمة مصطفاي جنيدي |
| 260 ## - PUBLICATION, DISTRIBUTION, ETC. (IMPRINT) | |
| مكان الناشر او الموزع | [الجزائر] : |
| اسم الناشر او الموزع | مارينور، [1997?] |
| تاريخ النشر أو التوزيع | [1997?] |
| 300 ## - الوصف المادى | |
| التعداد | 473 ص ؛ |
| أبعاد الوعاء | 23 سم |
| 650 ## - المدخل الاضافى بالموضوع-مصطلح موضوعى | |
| 9 (RLIN) | 15114 |
| مصطلح موضوعي أو اسم جغرافي كعنصر مدخل | البترول |
| التقسيم الفرعي الجغرافي | الجزائر |
| التقسيم الفرعي العام | صناعات |
| 650 ## - المدخل الاضافى بالموضوع-مصطلح موضوعى | |
| 9 (RLIN) | 15116 |
| مصطلح موضوعي أو اسم جغرافي كعنصر مدخل | البترول |
| التقسيم الفرعي العام | اقتصاديات |
| التقسيم الفرعي الجغرافي | الجزائر |
| 700 ## - المدخل الاضافى - اسم شخصى | |
| 9 (RLIN) | 15115 |
| الإسم الشخصى | جنيدي، مصطفاي |
| 942 ## - عناصر المدخل الإضافي( كوها) | |
| مصدر التصنيف او مخطط الترفيف | Dewey Decimal Classification |
| Koha [default] item type | Book - Borrowing |
| حالة التراجع | حالة الفقد | مصدر التصنيف او خطة الترفيف | حالة تلف | ليس للاعارة | مجموعات كوها | المكان الدائم | المكان الحالي | موقع الترفيف | تاريخ الاكتساب | Source of acquisition | رقم الاستدعاء | الباركود | Date last seen | نوع الوعاء |
|---|---|---|---|---|---|---|---|---|---|---|---|---|---|---|
| Dewey Decimal Classification | Alef-Baa | Central Library | Central Library | First floor | 23/06/2010 | 338.272820965 مال | 000021154 | 15/07/2025 | Book - Borrowing |